Eastern Utah Libraries Catalog: Duchesne, Heber, Roosevelt, & Vernal

There's a beach in my bedroom / (Record no. 394929)

MARC details
000 -LEADER
fixed length control field 02097cam a22005298i 4500
001 - CONTROL NUMBER
control field on1341990669
003 - CONTROL NUMBER IDENTIFIER
control field OCoLC
005 - DATE AND TIME OF LATEST TRANSACTION
control field 20240329172551.0
008 - FIXED-LENGTH DATA ELEMENTS--GENERAL INFORMATION
fixed length control field 220823s2023 nyua b 000 1 eng
010 ## - LIBRARY OF CONGRESS CONTROL NUMBER
LC control number 2022036067
020 ## - INTERNATIONAL STANDARD BOOK NUMBER
International Standard Book Number 9780593352106
Qualifying information (reinf. bdg.)
020 ## - INTERNATIONAL STANDARD BOOK NUMBER
International Standard Book Number 0593352106
020 ## - INTERNATIONAL STANDARD BOOK NUMBER
Cancelled/invalid ISBN 9780593352137
020 ## - INTERNATIONAL STANDARD BOOK NUMBER
Cancelled/invalid ISBN 9780593352113
Qualifying information (kindle edition)
020 ## - INTERNATIONAL STANDARD BOOK NUMBER
International Standard Book Number 0593352130
020 ## - INTERNATIONAL STANDARD BOOK NUMBER
International Standard Book Number 9780593352137
035 ## - SYSTEM CONTROL NUMBER
System control number (OCoLC)1341990669
Canceled/invalid control number (OCoLC)1386968887
040 ## - CATALOGING SOURCE
Original cataloging agency DLC
Language of cataloging eng
Description conventions rda
Transcribing agency DLC
Modifying agency OCLCF
-- YDX
-- BDX
-- JCX
-- ILC
-- SXP
-- TOH
-- UOK
042 ## - AUTHENTICATION CODE
Authentication code pcc
049 ## - LOCAL HOLDINGS (OCLC)
Holding library UOKA
050 00 - LIBRARY OF CONGRESS CALL NUMBER
Classification number PZ7.1.J6526
Item number Tf 2023
082 00 - DEWEY DECIMAL CLASSIFICATION NUMBER
Classification number [E]
Edition number 23
092 ## - LOCALLY ASSIGNED DEWEY CALL NUMBER (OCLC)
Classification number Children Picture Book
Item number Jonas, Kevin & Danielle
999 ## - SYSTEM CONTROL NUMBERS (KOHA)
Koha Dewey Subclass [OBSOLETE] 03902636
100 1# - MAIN ENTRY--PERSONAL NAME
Personal name Jonas, Kevin,
Dates associated with a name 1987-
Relator term author.
9 (RLIN) 5812704
245 10 - TITLE STATEMENT
Title There's a beach in my bedroom /
Statement of responsibility, etc by international music star Kevin Jonas & Danielle Jonas ; illustrated by Courtney Dawson.
246 3# - VARYING FORM OF TITLE
Title proper/short title There is a beach in my bedroom
264 #1 - Production, Publication, Distribution, Manufacture, and Copyright Notice.
Place of production, publication, distribution, manufacture New York :
Name of producer, publisher, distributor, manufacturer Razorbill, an imprint of Penguin Random House LLC,
Date of production, publication, distribution, manufacture, or copyr 2023.
300 ## - PHYSICAL DESCRIPTION
Extent 1 volume (unpaged) :
Other physical details color illustrations ;
Dimensions 27 cm
336 ## - Content Type
Content type term text
336 ## - Content Type
Content type term still image
337 ## - Media type
Media type term unmediated
338 ## - Carrier type
Carrier type term volume
520 ## - SUMMARY, ETC.
Summary, etc When rainy weather ruins beach day, Bella and her family use their imaginations and beat the rain-day doldrums with an indoor beach day.
521 ## - TARGET AUDIENCE NOTE
Target audience note Ages 4-8 years.
Source Razorbill.
650 #0 - SUBJECT ADDED ENTRY--TOPICAL TERM
Topical term or geographic name as entry element Beaches
Form subdivision Juvenile fiction.
9 (RLIN) 5675313
650 #0 - SUBJECT ADDED ENTRY--TOPICAL TERM
Topical term or geographic name as entry element Imagination
Form subdivision Juvenile fiction
9 (RLIN) 5676283
650 #0 - SUBJECT ADDED ENTRY--TOPICAL TERM
Topical term or geographic name as entry element Families
Form subdivision Juvenile fiction
9 (RLIN) 5674031
650 #1 - SUBJECT ADDED ENTRY--TOPICAL TERM
Topical term or geographic name as entry element Beaches
Form subdivision Fiction.
9 (RLIN) 5675314
650 #1 - SUBJECT ADDED ENTRY--TOPICAL TERM
Topical term or geographic name as entry element Imagination
Form subdivision Fiction.
9 (RLIN) 5674599
650 #1 - SUBJECT ADDED ENTRY--TOPICAL TERM
Topical term or geographic name as entry element Family life
Form subdivision Fiction.
9 (RLIN) 5674038
655 #7 - INDEX TERM--GENRE/FORM
Genre/form data or focus term Picture books
Source of term lcgft
700 1# - ADDED ENTRY--PERSONAL NAME
Personal name Jonas, Danielle
Relator term author.
9 (RLIN) 6451855
700 1# - ADDED ENTRY--PERSONAL NAME
Personal name Dawson, Courtney
Relator term illustrator.
9 (RLIN) 6074463
776 08 - ADDITIONAL PHYSICAL FORM ENTRY
Display text Online version:
Main entry heading Jonas, Kevin.
Title There's a beach in my bedroom
Place, publisher, and date of publication New York : Razorbill, 2023
International Standard Book Number 9780593352137
Record control number (DLC) 2022036068
942 ## - ADDED ENTRY ELEMENTS (KOHA)
Source of classification or shelving scheme Dewey Decimal Classification
Koha item type BOOK
Holdings
Withdrawn status Lost status Source of classification or shelving scheme Damaged status Not for loan Collection code Home library Current library Shelving location Date acquired Source of acquisition Total Checkouts Total Renewals Full call number Barcode Date last seen Date checked out Cost, replacement price Price effective from Koha item type
    Dewey Decimal Classification     Children Picture Books Wasatch County Library Wasatch County Library Main Floor Childrens Area 03/29/2024 Micromarketing 10 8 E Jonas 34301002003665 12/03/2025 10/06/2025 18.99 03/29/2024 BOOK
This project was made possible through a grant from the Institute of Museum and Library Service administered by the Utah State Library Division.

Wasatch County Library

  • 465 East 1200 South, Heber City, Utah 84032
  • Phone 435-654-1511 | Fax 435-654-6456

Hours

  • Monday - Friday 9:30 AM - 8:00 PM
  • Saturday 9:30 AM - 1:30 PM
  • Closed Sundays and Holidays